Origin of Wilson's disease / (Record no. 41387)

MARC details
000 -LEADER
fixed length control field 00787nam a22002537a 4500
005 - DATE AND TIME OF LATEST TRANSACTION
control field 20100812143943.0
010 ## - LCCN (DPL NO)
LC control number ENG-99846
020 ## - INTERNATIONAL STANDARD BOOK NUMBER
International Standard Book Number 9380159153
Terms of availability 60.00
035 ## - SYSTEM CONTROL NUMBER
System control number EN-83378
037 ## - SOURCE OF ACQUISITION
Source of stock number/acquisition DBAD/PUB
082 ## - DEWEY DECIMAL CLASSIFICATION NUMBER
Classification number 540
100 ## - MAIN ENTRY--PERSONAL NAME
Personal name Celine,S.
245 ## - TITLE STATEMENT
Title Origin of Wilson's disease /
Statement of responsibility, etc by S.Celine
260 ## - PUBLICATION, DISTRIBUTION, ETC. (IMPRINT)
Place of publication, distribution, etc Villupuram
Name of publisher, distributor, etc Tamizhvendan Pathippagam
Date of publication, distribution, etc 2009
270 ## - ADDRESS
City Villupuram
Address 9,Munusamy Nagar, East Kandasamypuram
Postal code 606107
300 ## - PHYSICAL DESCRIPTION
Extent 112p.
Dimensions 20cm (pbk)
500 ## - GENERAL NOTE
General note Includes bibliographical references
650 ## - SUBJECT ADDED ENTRY--TOPICAL TERM
Topical term or geographic name as entry element Chemistry
700 ## - ADDED ENTRY--PERSONAL NAME
9 (RLIN) 10603
700 ## - ADDED ENTRY--PERSONAL NAME
9 (RLIN) 11537
700 ## - ADDED ENTRY--PERSONAL NAME
9 (RLIN) 10604
942 ## - ADDED ENTRY ELEMENTS (KOHA)
Source of classification or shelving scheme Dewey Decimal Classification
Item type English Books
Classification part 540
Call number suffix CEL
Holdings
Withdrawn status Lost status Not for loan Collection code Home library Current library Date acquired Source of acquisition Cost, normal purchase price Full call number Barcode Copy number Cost, replacement price Koha item type
    Not For Loan Non-fiction D.B.Act.Division D.B.Act.Division 12/08/2010 DBAD/PUB 60.00 540 CEL EN-83378 1 60.00 English Books

© Delhi Public Library
Hit Counter
free hit counter